00439nam a2200157Ia 4500008004100000041000800041082001900049100001500068245008100083260004100164300000800205365001100213650001800224650001500242650002400257140306s9999 xx 000 0 und d aeng a658 .3bAHU/OR aAhuja, K K aOrganization growth and development : a new approach to personnel management aNew DelhibKalyani Publishersc 1979 a623 bRs. 48 acommunication aLeadership amanagement training